[Event "Chigorin Memorial 28th"]
[Site "St Petersburg"]
[Date "2021.10.29"]
[Round "7"]
[White "Kandrashina, Darya"]
[Black "Delikov, Vitaly"]
[Result "0-1"]
[WhiteElo "1465"]
[BlackElo "1142"]
[PlyCount "70"]
[EventDate "2021.10.23"]
[EventType "swiss"]
[EventRounds "9"]
[EventCountry "RUS"]
[SourceTitle "EXT 2023"]
[Source "ChessBase"]
[SourceDate "2022.10.05"]
[SourceVersion "1"]
[SourceVersionDate "2022.10.05"]
[SourceQuality "1"]

1. e4 c6 2. d4 d5 3. exd5 cxd5 4. c4 Nf6 5. h3 e6 6. Nf3 b6 7. Nc3 Bb4 8. Qa4+ Nc6 9. Qxc6+ Bd7 10. Qb7 0-0 11. Bg5 Rb8 12. Qa6 Qc7 13. Bd2 Rfc8 14. Nb5 Bxd2+ 15. Nxd2 Qf4 16. Bd3 e5 17. cxd5 e4 18. Be2 e3 19. fxe3 Qg3+ 20. Kf1 Nxd5 21. Bf3 Nxe3+ 22. Kg1 Rc2 23. Qa3 Bxb5 24. Qxe3 Re8 25. Ne4 Rxg2+ 26. Bxg2 Qxe3+ 27. Kh2 Qf4+ 28. Kg1 f5 29. Nc3 Ba6 30. d5 Re3 31. h4 Rg3 32. Rd1 Qe3+ 33. Kh2 f4 34. d6 Rxg2+ 35. Kxg2 Qg3# 0-1

[Event "Moscow RGGU-ch 10th"]
[Site "Moscow"]
[Date "2021.03.27"]
[Round "3"]
[White "Kandrashina, Darya"]
[Black "Shubin, Gleb"]
[Result "1/2-1/2"]
[WhiteElo "1583"]
[BlackElo "1960"]
[PlyCount "91"]
[EventDate "2021.03.20"]
[EventType "swiss"]
[EventRounds "7"]
[EventCountry "RUS"]
[SourceTitle "EXT 2022"]
[Source "ChessBase"]
[SourceDate "2021.10.06"]
[SourceVersion "1"]
[SourceVersionDate "2021.10.06"]
[SourceQuality "1"]

1. e4 c5 2. Nf3 Nc6 3. c3 Nf6 4. Bd3 d5 5. exd5 Qxd5 6. Be2 Bg4 7. Na3 0-0-0 8. Nc2 Bh5 9. 0-0 e6 10. a3 Qb3 11. Ne3 Qxd1 12. Rxd1 Nd5 13. d4 Nf4 14. Bb5 Bxf3 15. gxf3 cxd4 16. Bxc6 bxc6 17. cxd4 Ne2+ 18. Kg2 Nxd4 19. Nc4 Be7 20. Ne5 Rhf8 21. Be3 c5 22. Bxd4 Rxd4 23. Rxd4 cxd4 24. Nc6 Bf6 25. Nxa7+ Kb7 26. Nb5 d3 27. Nd6+ Kc6 28. Nc4 Kb5 29. Rc1 Rd8 30. Nd2 Ka4 31. Rc4+ Kb5 32. b3 Rd5 33. f4 Rd4 34. Rxd4 Bxd4 35. Kf3 Bc5 36. Nc4 Bxa3 37. Nxa3+ Kb4 38. Nc4 Kxb3 39. Nd2+ Kc2 40. Ke3 f6 41. f3 Kc3 42. Ne4+ Kc2 43. Nd2 Kc3 44. Ne4+ Kc2 45. Nd2 Kc3 46. Ne4+ 1/2-1/2

[Event "Moscow RGGU-ch 10th"]
[Site "Moscow"]
[Date "2021.03.20"]
[Round "1"]
[White "Kandrashina, Darya"]
[Black "Zakariadze, Irina"]
[Result "0-1"]
[WhiteElo "1583"]
[BlackElo "1953"]
[PlyCount "138"]
[EventDate "2021.03.20"]
[EventType "swiss"]
[EventRounds "7"]
[EventCountry "RUS"]
[SourceTitle "EXT 2022"]
[Source "ChessBase"]
[SourceDate "2021.10.06"]
[SourceVersion "1"]
[SourceVersionDate "2021.10.06"]
[SourceQuality "1"]

1. e4 c5 2. Nf3 a6 3. c3 b5 4. d4 cxd4 5. cxd4 d5 6. e5 Bg4 7. h3 Bh5 8. Be2 e6 9. 0-0 Nd7 10. Ng5 Bg6 11. Bh5 Be7 12. f4 Nh6 13. Bxg6 hxg6 14. Nc3 0-0 15. Qd3 Nb6 16. b3 Qd7 17. Bd2 Rfc8 18. Rf3 b4 19. Ne2 Qb5 20. Qe3 Nf5 21. Qf2 Rc2 22. Qe1 Rac8 23. g4 Nh6 24. Nc1 Nd7 25. Nd3 a5 26. Bc1 R8c3 27. Qf1 Bd8 28. Qd1 Rc8 29. a3 bxa3 30. Bxa3 R2c3 31. Rb1 Bb6 32. Nf2 Rxf3 33. Nxf3 Rc3 34. Kg2 Nb8 35. Nh1 Nc6 36. Nf2 Nb4 37. Qd2 Rc2 38. Qd1 Qc6 39. Ne1 Ra2 40. Rc1 Qb7 41. Bxb4 axb4 42. Rc2 Ra3 43. Rb2 Qa7 44. Nc2 Ra5 45. Nxb4 Ra1 46. Nc6 Rxd1 47. Nxa7 Rxd4 48. Nc6 Rxf4 49. Nd3 Re4 50. b4 f6 51. exf6 gxf6 52. b5 Ra4 53. Ne7+ Kf7 54. Nc8 Bd4 55. Rb1 Ra3 56. Ne1 Rc3 57. Nd6+ Ke7 58. Nf3 Bb6 59. Nb7 Rc7 60. Na5 Bxa5 61. b6 Rb7 62. Nd4 Rxb6 63. Rxb6 Bxb6 64. Ne2 e5 65. Nc3 Ke6 66. Kf3 g5 67. Kg3 Nf7 68. Kf3 e4+ 69. Kg3 Ke5 0-1